000
00251nam a2200085Ia 4500
008
170620s9999 xx 000 0 und d
100
_a
Sharma- R. A. (Hindi)
245
0
_a
Shiksha Anusandhan evam Sankhyaki (Hindi)
260
_b
Meerut- International Publishing House
260
_c
2009
999
_c
25117
_d
25117